| 000 | 01270pam a2200337Ia 4500 | ||
|---|---|---|---|
| 001 | ebr10056020 | ||
| 003 | CaPaEBR | ||
| 006 | m u | ||
| 007 | cr cn||||||||| | ||
| 008 | 010918s2001 bcca sb 001 0 eng d | ||
| 020 | _z0774850132 (eBook) | ||
| 020 | _z0774808586 | ||
| 040 |
_aCaPaEBR _cCaPaEBR |
||
| 035 | _a(OCoLC)70746380 | ||
| 050 | 1 | 4 |
_aHT351 _b.F75 2001eb |
| 082 | 0 | 4 |
_a307.74 _221 |
| 100 | 1 |
_aFriedman, Avi, _d1952- |
|
| 245 | 1 | 0 |
_aPlanning the new suburbia _h[electronic resource] : _bflexibility by design / _cAvi Friedman ; with David Krawitz ... [et al.]. |
| 260 |
_aVancouver : _bUBC Press, _cc2001. |
||
| 300 |
_axii, 195 p. : _bill. |
||
| 504 | _aIncludes bibliographical references and index. | ||
| 533 |
_aElectronic reproduction. _bPalo Alto, Calif. : _cebrary, _d2009. _nAvailable via World Wide Web. _nAccess may be limited to ebrary affiliated libraries. |
||
| 650 | 0 | _aSuburbs. | |
| 650 | 0 |
_aSuburbs _vCase studies. |
|
| 650 | 0 | _aCity planning. | |
| 650 | 0 | _aCommunity development, Urban. | |
| 655 | 7 |
_aElectronic books. _2local |
|
| 700 | 1 | _aKrawitz, David. | |
| 710 | 2 | _aebrary, Inc. | |
| 856 | 4 | 0 |
_uhttp://site.ebrary.com/lib/rucke/Doc?id=10056020 _zAn electronic book accessible through the World Wide Web; click to view |
| 999 |
_c72225 _d72225 |
||